[Event "Torneo Interzonale"]
[Site "Manila PHI"]
[Date "1976.06.15"]
[Round "3"]
[White "Mariotti, Sergio"]
[Black "Browne, Walter Shawn"]
[Result "1/2-1/2"]
[WhiteElo "2470"]
[BlackElo "2585"]
[PlyCount "81"]
[EventDate "1976.06.13"]

1. e4 c5 2. Nf3 d6 3. d4 cxd4 4. Nxd4 Nf6 5. Nc3 a6 6. Bg5 e6 7. f4 Be7 8. Qf3
Qc7 9. O-O-O Nbd7 10. Bd3 h6 11. h4 Nc5 12. g4 Bd7 13. Bxf6 Bxf6 14. Nce2 O-O-O
15. g5 hxg5 16. hxg5 Rxh1 17. Qxh1 Bxd4 18. Nxd4 e5 19. Ne2 Bg4 20. Qg2 Bxe2
21. Bxe2 exf4 22. Qg4+ Kb8 23. Qxf4 Qe7 24. Bc4 Qxe4 25. Qxf7 Qe3+ 26. Kb1 Qxg5
27. Bd5 Rd7 28. Qe8+ Qd8 29. Qg6 Qe7 30. Qg4 Rc7 31. a3 Qe5 32. Qb4 g5 33. c4
Qf5+ 34. Ka2 Ka7 35. Qd2 Qf4 36. Qxf4 gxf4 37. Rf1 Nd3 38. Rf3 Nc1+ 39. Kb1 Ne2
40. Rf2 Re7 41. Kc2 1/2-1/2

[Event "Torneo Interzonale"]
[Site "Manila PHI"]
[Date "1976.06.17"]
[Round "4"]
[White "Uhlmann, Wolfgang"]
[Black "Mariotti, Sergio"]
[WhiteElo "2555"]
[BlackElo "2470"]
[Result "1-0"]
[PlyCount "43"]
[EventDate "1976.06.13"]

1. Nf3 Nf6 2. c4 c5 3. Nc3 Nc6 4. g3 d5 5. cxd5 Nxd5 6. Bg2 Nc7 7. Qa4 Qd7 8.
O-O e5 9. a3 f6 10. e3 Be7 11. Rd1 Rb8 12. d4 exd4 13. exd4 b5 14. Qc2 cxd4 15.
Bf4 b4 16. Bxc7 Qxc7 17. Nd5 Qd6 18. Nxd4 Nxd4 19. Rxd4 O-O 20. Re1 Bd8 21. Qc4
Kh8 22. Nf4 1-0

[Event "Torneo Interzonale"]
[Site "Manila PHI"]
[Date "1976.07.01"]
[Round "13"]
[White "Panno, Oscar Roberto"]
[Black "Mariotti, Sergio"]
[Result "1/2-1/2"]
[WhiteElo "2520"]
[BlackElo "2470"]
[PlyCount "159"]
[EventDate "1976.06.13"]

1. Nf3 Nc6 2. d4 d5 3. c4 Bg4 4. cxd5 Bxf3 5. gxf3 Qxd5 6. e3 e5 7. Nc3 Bb4 8.
Bd2 Bxc3 9. bxc3 exd4 10. cxd4 Nge7 11. Be2 O-O-O 12. Qb3 Rhe8 13. Rb1 Qxb3 14.
Rxb3 Nd5 15. Kf1 f5 16. Bd3 g6 17. Kg2 Nb6 18. h4 Rd6 19. h5 Red8 20. hxg6 hxg6
21. Bc1 Ne5 22. Ba3 Rd5 23. Be2 Nf7 24. Rh7 R5d7 25. Rb1 Nd6 26. Rbh1 Nbc4 27.
Bxd6 Nxd6 28. R7h6 Rg7 29. Rc1 f4 30. Bd3 Nf5 31. Bxf5+ gxf5+ 32. Kf1 fxe3 33.
fxe3 f4 34. Kf2 fxe3+ 35. Kxe3 Re7+ 36. Kd3 Rde8 37. Rf6 Re3+ 38. Kc4 Rd8 39.
Rc3 Re2 40. a3 b6 41. Rf7 Rb2 42. Rf4 Rd7 43. Re3 Kb7 44. Rd3 a5 45. Kc3 Ra2
46. Kb3 Rf2 47. a4 Re7 48. d5 Ka6 49. Rc3 Rd2 50. Kc4 Rd7 51. Rd4 Rf2 52. Re3
Rf7 53. d6 cxd6 54. Red3 R7xf3 55. Rxd6 Rf4+ 56. R6d4 Ra2 57. Kb3 Rff2 58. Re4
Rfb2+ 59. Kc3 Rb1 60. Rdd4 Ra3+ 61. Kc2 Rh1 62. Kb2 Rha1 63. Rc4 R1a2+ 64. Kb1
Rg2 65. Rc2 Rgg3 66. Rcc4 Raf3 67. Kb2 Rg1 68. Rh4 Rf2+ 69. Rc2 Rff1 70. Rcc4
Rb1+ 71. Ka2 Ra1+ 72. Kb2 Rab1+ 73. Kc2 Rbc1+ 74. Kb2 Rb1+ 75. Ka2 Ra1+ 76. Kb2
Rab1+ 77. Kc2 Rbc1+ 78. Kb2 Rb1+ 79. Ka2 Ra1+ 80. Kb2 1/2-1/2